Tolkappiyar and Northrop Frye: (Record no. 29847)

MARC details
000 -LEADER
fixed length control field 00894naa a2200229 4500
005 - DATE AND TIME OF LATEST TRANSACTION
control field 20090831153231.0
008 - FIXED-LENGTH DATA ELEMENTS--GENERAL INFORMATION
fixed length control field 090613t xxu||||| |||| 00| 0 eng d
010 ## - LCCN (DPL NO)
LC control number ENG-95005
020 ## - INTERNATIONAL STANDARD BOOK NUMBER
Terms of availability 95.00
035 ## - SYSTEM CONTROL NUMBER
System control number EN-78538
037 ## - SOURCE OF ACQUISITION
Source of stock number/acquisition DBAD / PUB
040 ## - CATALOGING SOURCE
Original cataloging agency dpl
Language of cataloging English
082 ## - DEWEY DECIMAL CLASSIFICATION NUMBER
Classification number 801.95
100 ## - MAIN ENTRY--PERSONAL NAME
Personal name Elango, S.P. Benjamin
245 ## - TITLE STATEMENT
Title Tolkappiyar and Northrop Frye:
Statement of responsibility, etc by S.P. Benjamin Elango
Remainder of title a comparative study /
260 ## - PUBLICATION, DISTRIBUTION, ETC. (IMPRINT)
Place of publication, distribution, etc Tiruchirappalli
Name of publisher, distributor, etc Clara Publications
Date of publication, distribution, etc 2008
270 ## - ADDRESS
Address 73/15/B, Cauvery Nagar, Salai Road Exension,
City Tiruchirappalli
Postal code 620018
300 ## - PHYSICAL DESCRIPTION
Extent 80p.
Dimensions 22cm(pbk)
500 ## - GENERAL NOTE
General note Includes bibliographical references
942 ## - ADDED ENTRY ELEMENTS (KOHA)
Institution code [OBSOLETE] dpl
Item type English Books
Source of classification or shelving scheme Dewey Decimal Classification
Call number suffix ELA
Classification part 801.95
Holdings
Withdrawn status Lost status Source of classification or shelving scheme Damaged status Not for loan Collection code Home library Current library Date acquired Source of acquisition Cost, normal purchase price Total Checkouts Full call number Barcode Date last seen Copy number Cost, replacement price Koha item type
    Dewey Decimal Classification   Not For Loan Non-fiction D.B.Act.Division D.B.Act.Division 31/08/2009 DBAD / PUB 95.00   801.95 ELA EN-78538 31/08/2009 1 95.00 English Books

© Delhi Public Library
Hit Counter
free hit counter